000 00273nam a22001217a 4500
008 181205b xxu||||| |||| 00| 0 eng d
041 _aeng
080 _a902
100 _a45
101 _aARKE
245 _aGuide to the Vatican Museums
_cPietrangeli,C
942 _2udc
_cBK
999 _c52840
_d52840